Pokémon - Les attaques de Mentali - Statistiques

Statistiques générales
  • Ce quiz a été pris 25 fois
  • Le résultat moyen est 13 sur 23
Statistiques - réponses
Niveaux Types Noms des attaques % Correct
Départ Normal Charge
94%
Niveau 40 Psy Psyko
94%
Départ Évolution Psy Choc Mental
88%
Départ Normal Mimi-Queue
81%
Niveau 25 Psy Rafale Psy
81%
Départ Normal Rugissement
81%
Départ Ténèbres Morsure
75%
Niveau 10 Normal Vive-Attaque
75%
Niveau 5 Sol Jet de Sable
69%
Départ Normal Bélier
63%
Niveau 50 Psy Prescience
63%
Niveau 15 Fée Regard Touchant
63%
Départ Fée Charme
50%
Départ Normal Coup d'Main
50%
Niveau 55 Normal Dernier Recours
50%
Départ Normal Damoclès
44%
Niveau 20 Normal Météores
44%
Départ Normal Photocopie
25%
Départ Normal Relais
25%
Niveau 30 Normal Aurore
19%
Niveau 45 Normal Boost
13%
Départ Normal Implore
6%
Niveau 35 Psy Permuforce
6%
Aucun quiz correspondant
Distribution des résultats
% des personnes avec chaque résultat
Percentile par nombre de réponses
Votre historique - résultats
Vous n’avez pas pris ce quiz